[Event "Winnipeg op"]
[Site "Winnipeg CAN"]
[Date "2018.06.12"]
[Round "2"]
[White "Piche, Jeremy"]
[Black "Gergoryanz, Philipp"]
[Result "1-0"]
[WhiteElo "1591"]
[BlackElo "1409"]
[PlyCount "63"]
[EventDate "2018.06.05"]
[EventType "swiss"]
[EventRounds "8"]
[EventCountry "CAN"]

1. e4 e5 2. Nf3 Nc6 3. d3 Bc5 4. g3 d6 5. Bg2 Nf6 6. O-O Bg4 7. c3 Qe7 8. Nbd2
O-O-O 9. h3 Be6 10. b4 Bb6 11. a4 a6 12. a5 Ba7 13. Qa4 Qd7 14. Ng5 d5 15. Nxe6
Qxe6 16. exd5 Nxd5 17. Ne4 Nf6 18. Ng5 Qd7 19. b5 Nb8 20. Rb1 Bc5 21. Be3 Bxe3
22. fxe3 Qxd3 23. bxa6 Qxe3+ 24. Kh2 Rd3 25. Rf3 Qxg5 26. Rxd3 c6 27. axb7+ Kc7
28. a6 Nxa6 29. Qa5+ Kb8 30. Rd8+ Rxd8 31. Qxd8+ Ka7 32. Qa8# 1-0

[Event "Winnipeg op"]
[Site "Winnipeg CAN"]
[Date "2018.06.12"]
[Round "2"]
[White "Piche, Zachary"]
[Black "Gannon, Keith"]
[Result "1-0"]
[WhiteElo "1430"]
[BlackElo "1544"]
[PlyCount "68"]
[EventDate "2018.06.05"]
[EventType "swiss"]
[EventRounds "8"]
[EventCountry "CAN"]

1. Nf3 Nf6 2. c4 d6 3. g3 e5 4. d3 Nc6 5. Nc3 Be7 6. Bg2 O-O 7. Bd2 Bd7 8. O-O
a5 9. a3 b6 10. Na2 Rb8 11. b4 axb4 12. Nxb4 Nxb4 13. axb4 b5 14. Qc2 bxc4 15.
dxc4 Bc6 16. Ng5 Bxg2 17. Kxg2 h6 18. Ne4 Nxe4 19. Qxe4 Bg5 20. Bc3 Qd7 21. h4
Bf6 22. Rfd1 Qe6 23. Ra7 Rfc8 24. Ra6 Qe8 25. c5 dxc5 26. bxc5 Qb5 27. Ra5 Qe8
28. Rd5 Ra8 29. Rxa8 Rxa8 30. Bxe5 Ra4 31. Qd3 Qc6 32. Bxf6 Qxf6 33. Qf3 Qe6
34. Rf5 Kh7 1-0

[Event "Winnipeg op"]
[Site "Winnipeg CAN"]
[Date "2018.06.12"]
[Round "2"]
[White "Prince, Colin"]
[Black "Baron, Gustav"]
[Result "0-1"]
[WhiteElo "1843"]
[BlackElo "2250"]
[PlyCount "102"]
[EventDate "2018.06.05"]
[EventType "swiss"]
[EventRounds "8"]
[EventCountry "CAN"]

1. e4 c6 2. Nf3 d5 3. Nc3 dxe4 4. Nxe4 Bg4 5. h3 Bh5 6. Be2 Nd7 7. d3 e6 8. Be3
Ngf6 9. O-O Be7 10. c4 Qc7 11. Nfd2 Bg6 12. Bf3 O-O 13. Qe2 Rfd8 14. d4 Qa5 15.
Ng3 e5 16. Nde4 Re8 17. Rfd1 exd4 18. Bxd4 Bf8 19. Bxf6 Nxf6 20. Nxf6+ gxf6 21.
Qd2 Qb6 22. Qf4 Qxb2 23. Bh5 Qe5 24. Qxe5 fxe5 25. Rd7 Re7 26. Rad1 Rae8 27.
Bxg6 hxg6 28. Ne4 Kg7 29. c5 Rxd7 30. Rxd7 Re7 31. Rd8 Rc7 32. Nd6 Be7 33. Ra8
Bxd6 34. cxd6 Rd7 35. Rxa7 Kf6 36. a4 Ke6 37. a5 Kxd6 38. a6 bxa6 39. Rxa6 Kd5
40. Kf1 Rd6 41. Ke2 Kc4 42. Ra7 f5 43. f3 c5 44. Re7 Kd4 45. Kd2 Ra6 46. Rd7+
Kc4 47. g4 Ra2+ 48. Ke1 Rh2 49. Rh7 Kd4 50. Kf1 Ke3 51. Re7 Kxf3 0-1

[Event "Winnipeg op"]
[Site "Winnipeg CAN"]
[Date "2018.06.12"]
[Round "2"]
[White "Trueman, Francis"]
[Black "Mandusic, Ante"]
[Result "1-0"]
[WhiteElo "1410"]
[BlackElo "1201"]
[PlyCount "77"]
[EventDate "2018.06.05"]
[EventType "swiss"]
[EventRounds "8"]
[EventCountry "CAN"]

1. e4 e5 2. Nf3 Nc6 3. g3 d6 4. d3 Nf6 5. Nbd2 Be7 6. Bg2 O-O 7. O-O Be6 8. Re1
Qd7 9. Nf1 a5 10. a4 Bg4 11. Ne3 Bxf3 12. Bxf3 Nd4 13. Bg2 Qc6 14. c3 Ne6 15.
h4 Qd7 16. h5 h6 17. Bh3 c6 18. Nf5 Bd8 19. d4 Qe8 20. Nxd6 Qe7 21. Nf5 Qc7 22.
Be3 Nxe4 23. Nxh6+ gxh6 24. Bxh6 Ng7 25. Rxe4 Bf6 26. Qg4 Rfe8 27. Bxg7 Bxg7
28. h6 Kf8 29. hxg7+ Ke7 30. Rxe5+ Kd6 31. Qf4 Re7 32. Rxe7+ Kd5 33. Qxc7 Kc4
34. Qxb7 Rd8 35. Qxc6+ Kb3 36. Rb7+ Kc2 37. Bf5+ Kd2 38. Qf3 Rxd4 39. Qd1# 1-0

[Event "Winnipeg op"]
[Site "Winnipeg CAN"]
[Date "2018.06.19"]
[Round "3"]
[White "Babb, Jeff"]
[Black "Trueman, Francis"]
[Result "1-0"]
[WhiteElo "2214"]
[BlackElo "1410"]
[PlyCount "39"]
[EventDate "2018.06.05"]
[EventType "swiss"]
[EventRounds "8"]
[EventCountry "CAN"]

1. f4 d6 2. Nf3 Nf6 3. d3 Nbd7 4. e4 e5 5. Nc3 c6 6. Be3 Be7 7. a3 O-O 8. Qd2
Ng4 9. Bg1 a5 10. h3 Ngf6 11. f5 h5 12. g4 h4 13. Bf2 Nh7 14. O-O-O Ng5 15.
Nxh4 Nxe4 16. dxe4 Bg5 17. Be3 Bxe3 18. Qxe3 Qxh4 19. Rxd6 Nb8 20. Rg1 1-0

[Event "Winnipeg op"]
[Site "Winnipeg CAN"]
[Date "2018.06.19"]
[Round "3"]
[White "Baron, Gustav"]
[Black "Ma, Derek"]
[Result "1-0"]
[WhiteElo "2250"]
[BlackElo "1961"]
[PlyCount "141"]
[EventDate "2018.06.05"]
[EventType "swiss"]
[EventRounds "8"]
[EventCountry "CAN"]

1. d4 Nf6 2. Nf3 c6 3. c4 d5 4. Nc3 e6 5. e3 Nbd7 6. Bd3 dxc4 7. Bxc4 b5 8. Bd3
a6 9. O-O Bd6 10. e4 e5 11. Bg5 O-O 12. Ne2 h6 13. Bh4 exd4 14. Nexd4 c5 15.
Nf5 Ne5 16. Bc2 Bxf5 17. exf5 Nxf3+ 18. Qxf3 Qc7 19. Bxf6 gxf6 20. Qh5 Kh7 21.
Rad1 Rg8 22. Rd3 Rg5 23. Qh4 Qc6 24. g3 c4 25. Rd4 Bc5 26. Be4 Qe8 27. Bxa8
Bxd4 28. Qxd4 Qxa8 29. Qxf6 Qd5 30. Qxa6 Rxf5 31. Qb6 Qd2 32. Qe3 Qxb2 33. Qe4
Qe5 34. Qc2 Kg7 35. a4 bxa4 36. Qxa4 Qc5 37. Qc2 c3 38. Rc1 Rf3 39. Qe2 Qd5 40.
Rd1 Qc6 41. Qe5+ Rf6 42. Rc1 Qf3 43. Qd4 Kg6 44. Rxc3 Qe2 45. Rc8 Qf3 46. h4
Re6 47. Qc3 Qxc3 48. Rxc3 f5 49. Kg2 Re4 50. Kf3 Ra4 51. Rc6+ Kg7 52. h5 Ra3+
53. Kf4 Ra2 54. Kf3 Ra3+ 55. Kg2 Rb3 56. Rg6+ Kh7 57. Rf6 Rb5 58. Kf3 Rb3+ 59.
Kf4 Rb2 60. f3 Rb4+ 61. Kxf5 Rb5+ 62. Kg4 Rg5+ 63. Kh4 Kg7 64. Ra6 Rf5 65. f4
Rb5 66. Ra7+ Kg8 67. Kg4 Kh8 68. Re7 Rb6 69. Kf5 Kg8 70. Re6 Rb5+ 71. Kg6 1-0

[Event "Winnipeg op"]
[Site "Winnipeg CAN"]
[Date "2018.06.19"]
[Round "3"]
[White "Flynn, Darren"]
[Black "Lei, Yanyu"]
[Result "0-1"]
[WhiteElo "1357"]
[BlackElo "1337"]
[PlyCount "90"]
[EventDate "2018.06.05"]
[EventType "swiss"]
[EventRounds "8"]
[EventCountry "CAN"]

1. e4 c5 2. Nf3 d6 3. Bb5+ Bd7 4. Nc3 Nf6 5. d3 g6 6. O-O Bg7 7. h3 Bxb5 8.
Nxb5 Nc6 9. Be3 Qb6 10. c4 a6 11. Qa4 O-O 12. Nc3 Qxb2 13. Qb3 Qxb3 14. axb3
Nb4 15. d4 Nc2 16. Rad1 cxd4 17. Nxd4 Nxe3 18. fxe3 Rac8 19. Nd5 Nxd5 20. exd5
Rc5 21. Nf3 b5 22. Nd2 Bh6 23. Rf3 bxc4 24. bxc4 Rb8 25. Ra1 a5 26. Ra4 Rb4 27.
Rxb4 axb4 28. Kf2 Bg7 29. Ke2 Bc3 30. Rf4 Bxd2 31. Kxd2 Rc7 32. Kc2 Rb7 33. Kb3
Kf8 34. Rf1 Ke8 35. Ra1 e6 36. e4 exd5 37. cxd5 Ke7 38. Ra4 Kf6 39. Rxb4 Rxb4+
40. Kxb4 Ke5 41. Kb5 Kxe4 42. Kc6 Ke5 43. g3 h5 44. g4 hxg4 45. hxg4 f5 0-1

[Event "Winnipeg op"]
[Site "Winnipeg CAN"]
[Date "2018.06.19"]
[Round "3"]
[White "He, Michael"]
[Black "Gannon, Keith"]
[Result "1/2-1/2"]
[WhiteElo "1371"]
[BlackElo "1544"]
[PlyCount "89"]
[EventDate "2018.06.05"]
[EventType "swiss"]
[EventRounds "8"]
[EventCountry "CAN"]

1. c4 e5 2. Nc3 Nf6 3. Nf3 d6 4. g3 Be7 5. Bg2 Nc6 6. O-O O-O 7. d4 exd4 8.
Nxd4 Nxd4 9. Qxd4 c6 10. h3 Bd7 11. Bf4 Qb6 12. Qxb6 axb6 13. Rfd1 Be6 14. Bxd6
Bxd6 15. Rxd6 Bxc4 16. e4 Rfe8 17. f4 h6 18. e5 Nh7 19. Rd7 Rab8 20. Ne4 Nf8
21. Rc7 Ne6 22. Rd7 Nf8 23. Rd4 Bd5 24. Nd6 Red8 25. Bxd5 cxd5 26. Rxd5 Ne6 27.
Rb5 Nd4 28. Rxb6 Ne2+ 29. Kf2 Nd4 30. Rxb7 Rxb7 31. Nxb7 Rb8 32. Rd1 Rxb7 33.
Rxd4 Rxb2+ 34. Kf3 Rxa2 35. Rd8+ Kh7 36. Kg4 Ra6 37. Rd6 Ra7 38. h4 Re7 39. h5
Kg8 40. Kf5 Kh7 41. g4 Kg8 42. g5 hxg5 43. fxg5 Kh7 44. g6+ fxg6+ 45. Rxg6
1/2-1/2

[Event "Winnipeg op"]
[Site "Winnipeg CAN"]
[Date "2018.06.19"]
[Round "3"]
[White "Letain, Cory"]
[Black "Piche, Zachary"]
[Result "0-1"]
[WhiteElo "1733"]
[BlackElo "1430"]
[PlyCount "46"]
[EventDate "2018.06.05"]
[EventType "swiss"]
[EventRounds "8"]
[EventCountry "CAN"]

1. e4 c5 2. Nf3 d6 3. d4 cxd4 4. Nxd4 Nf6 5. Nc3 a6 6. f3 e5 7. Nb3 Be6 8. Be3
Be7 9. Qd2 d5 10. exd5 Nxd5 11. Nxd5 Qxd5 12. O-O-O Qxd2+ 13. Rxd2 O-O 14. Kb1
Nc6 15. Bc5 Bxb3 16. Bxe7 Bxc2+ 17. Rxc2 Nxe7 18. Rc7 Nd5 19. Rxb7 Rfd8 20. Bc4
a5 21. Bxd5 Rxd5 22. Rc1 Rd2 23. Rbc7 g6 0-1

[Event "Winnipeg op"]
[Site "Winnipeg CAN"]
[Date "2018.06.19"]
[Round "3"]
[White "Magyar, Peter"]
[Black "Klokow, John"]
[Result "0-1"]
[WhiteElo "1487"]
[BlackElo "1767"]
[PlyCount "82"]
[EventDate "2018.06.05"]
[EventType "swiss"]
[EventRounds "8"]
[EventCountry "CAN"]

1. d4 Nf6 2. Bf4 g6 3. e3 Bg7 4. Be2 O-O 5. h3 c5 6. c3 cxd4 7. cxd4 d6 8. Nf3
Bd7 9. O-O Bc6 10. Nbd2 Nbd7 11. Rc1 Re8 12. Bc4 e5 13. Bg5 d5 14. Be2 e4 15.
Nh2 h5 16. Re1 Nf8 17. Nhf1 Ne6 18. Bh4 Qd7 19. b3 Nh7 20. Bg3 f5 21. h4 Bf6
22. a4 Qe7 23. Bxh5 gxh5 24. Qxh5 Ng7 25. Qd1 Bxh4 26. Nb1 Rac8 27. Nc3 Bxg3
28. Nxg3 Rcd8 29. Nce2 Rf8 30. Nf4 Ne6 31. Ng6 Qg5 32. Nxf8 Rxf8 33. Kf1 Nf6
34. Re2 f4 35. exf4 Nxf4 36. Re3 Ng4 37. Nxe4 Nxe3+ 38. fxe3 Qxg2+ 39. Ke1 Qxe4
40. Kd2 Qd3+ 41. Ke1 Qxd1+ 0-1

[Event "Winnipeg op"]
[Site "Winnipeg CAN"]
[Date "2018.06.19"]
[Round "3"]
[White "Penner, Mathis"]
[Black "Leaden, Bruce"]
[Result "1-0"]
[WhiteElo "982"]
[BlackElo "1564"]
[PlyCount "70"]
[EventDate "2018.06.05"]
[EventType "swiss"]
[EventRounds "8"]
[EventCountry "CAN"]

1. d4 e6 2. c4 f5 3. Nf3 Nf6 4. Bf4 g6 5. Qd2 Bg7 6. Nc3 d6 7. e3 O-O 8. Bd3
Re8 9. O-O Nh5 10. Bg3 Nxg3 11. fxg3 e5 12. dxe5 dxe5 13. e4 Nc6 14. Rad1 Nb4
15. b3 Nxd3 16. Qxd3 Qxd3 17. Rxd3 fxe4 18. Nxe4 Bf5 19. Nfd2 Rad8 20. Rdf3 Bh6
21. Nf6+ Kf7 22. Nxe8 Rxe8 23. g4 Bxd2 24. gxf5 g5 25. Rd3 Bb4 26. Kf2 Re7 27.
Ke2 Kf6 28. g4 Bc5 29. Rh3 Rd7 30. Rh6+ Kg7 31. Re6 Bd4 32. Rd1 Kf7 33. h3 a5
34. Kd3 Rd6 35. Ke4 Rd7 1-0

[Event "Winnipeg op"]
[Site "Winnipeg CAN"]
[Date "2018.06.19"]
[Round "3"]
[White "Remillard, John"]
[Black "Gregoryanz, Philipp"]
[Result "1/2-1/2"]
[WhiteElo "1605"]
[BlackElo "1409"]
[PlyCount "103"]
[EventDate "2018.06.05"]
[EventType "swiss"]
[EventRounds "8"]
[EventCountry "CAN"]

1. g3 e5 2. Bg2 d5 3. d4 e4 4. f3 Nf6 5. Nh3 exf3 6. exf3 Nc6 7. O-O b6 8. Re1+
Be7 9. c3 O-O 10. Qd3 Re8 11. Ng5 h6 12. Nh3 Be6 13. g4 Qd7 14. Na3 h5 15. Nf4
Bxa3 16. g5 Bf5 17. Qf1 Rxe1 18. Qxe1 Bxb2 19. Bxb2 Nh7 20. Nxh5 Bg6 21. Qh4
Qf5 22. f4 Qc2 23. Nxg7 Qxb2 24. Re1 Qxc3 25. f5 Qxd4+ 26. Qxd4 Nxd4 27. fxg6
Nxg5 28. gxf7+ Kxg7 29. Re8 Kxf7 30. Rxa8 Ngf3+ 31. Kf2 Nxh2 32. Bxd5+ Ke7 33.
Rxa7 Kd6 34. Bg8 Ng4+ 35. Ke1 Ne5 36. Kd2 c5 37. Rh7 b5 38. Rh6+ Kc7 39. Kc3
b4+ 40. Kd2 Ndf3+ 41. Kc2 c4 42. Rf6 Nd4+ 43. Kb1 c3 44. Bb3 Nd3 45. Rh6 Nc5
46. Rh4 Ncxb3 47. axb3 Nc6 48. Rc4 Kd6 49. Kc2 Kd5 50. Kb1 Kd6 51. Ka2 Kd5 52.
Kb1 1/2-1/2

[Event "Winnipeg op"]
[Site "Winnipeg CAN"]
[Date "2018.06.19"]
[Round "3"]
[White "Tarasoff, Shawn"]
[Black "Piche, Jeremie"]
[Result "1-0"]
[WhiteElo "1796"]
[BlackElo "1591"]
[PlyCount "75"]
[EventDate "2018.06.05"]
[EventType "swiss"]
[EventRounds "8"]
[EventCountry "CAN"]

1. d4 Nf6 2. c4 g6 3. Nc3 Bg7 4. e4 d6 5. Nf3 O-O 6. Be2 Nbd7 7. O-O e5 8. dxe5
dxe5 9. Qc2 c6 10. Bg5 Qc7 11. Rad1 Nh5 12. Be7 Re8 13. Bd6 Qd8 14. g3 Qf6 15.
Nh4 Qg5 16. c5 Nf8 17. Qb3 Be6 18. Qxb7 Nf4 19. Qxc6 Nxe2+ 20. Nxe2 Bh3 21.
Rfe1 Qh5 22. Rd3 Bf6 23. Bxf8 Bxh4 24. gxh4 Qxh4 25. Bd6 Rac8 26. Qa4 Re6 27.
Ng3 Qg5 28. b4 h5 29. b5 h4 30. Qc2 Qf4 31. Qd2 Qg4 32. f3 Qf4 33. Qxf4 exf4
34. Ne2 g5 35. a4 Rg6 36. a5 g4 37. Nxf4 gxf3+ 38. Nxg6 1-0

[Event "Winnipeg op"]
[Site "Winnipeg CAN"]
[Date "2018.06.19"]
[Round "3"]
[White "Wolchock, Theo"]
[Black "Boron, Anthony"]
[Result "1-0"]
[WhiteElo "2021"]
[BlackElo "2028"]
[PlyCount "39"]
[EventDate "2018.06.05"]
[EventType "swiss"]
[EventRounds "8"]
[EventCountry "CAN"]

1. e4 e5 2. Nc3 Nf6 3. f4 d5 4. fxe5 Nxe4 5. Qf3 f5 6. d3 Nxc3 7. bxc3 d4 8.
Bb2 c5 9. Ne2 Nc6 10. Qf4 Qb6 11. Bc1 Be6 12. Qf2 Nxe5 13. cxd4 cxd4 14. Qxd4
Bb4+ 15. Bd2 Bxd2+ 16. Kxd2 Qa5+ 17. Qc3 Qxc3+ 18. Nxc3 Kf7 19. Rb1 b6 20. Be2
1-0

[Event "Winnipeg op"]
[Site "Winnipeg CAN"]
[Date "2018.06.26"]
[Round "4"]
[White "Boron, Anthony"]
[Black "Babb, Jeff"]
[Result "1/2-1/2"]
[WhiteElo "2028"]
[BlackElo "2219"]
[PlyCount "142"]
[EventDate "2018.06.05"]
[EventType "swiss"]
[EventRounds "8"]
[EventCountry "CAN"]

1. Nf3 g6 2. e4 Bg7 3. d4 c5 4. c3 Qb6 5. d5 d6 6. h3 Nf6 7. Bd3 O-O 8. Nbd2
Qc7 9. O-O c4 10. Bc2 e6 11. Qe2 exd5 12. exd5 b5 13. Nd4 a6 14. a4 Re8 15. Qd1
b4 16. Re1 Rxe1+ 17. Qxe1 b3 18. Be4 Bb7 19. Qe2 Nbd7 20. Nc6 Bxc6 21. dxc6 Nc5
22. Qxc4 Re8 23. Bf3 Re1+ 24. Nf1 Nfe4 25. Bxe4 Rxe4 26. Qd5 Re5 27. Qf3 Rf5
28. Qd1 Qxc6 29. Be3 Rd5 30. Qf3 Nd3 31. Bd4 Bxd4 32. cxd4 Nb4 33. Qxb3 Rxd4
34. Ne3 a5 35. Rd1 Rxd1+ 36. Qxd1 h5 37. Qb3 d5 38. Qc3 Qxa4 39. Qc8+ Kg7 40.
Qc5 Qa1+ 41. Kh2 Qxb2 42. Qxa5 Qxf2 43. Nxd5 Nxd5 44. Qxd5 Qf4+ 45. Kh1 h4 46.
Qd8 g5 47. Qc8 Qe5 48. Qd7 Qe4 49. Qc8 Qe6 50. Qc5 f6 51. Qc2 Qd5 52. Kh2 Qe5+
53. Kh1 f5 54. Qc8 g4 55. Qd7+ Kg6 56. hxg4 Qe1+ 57. Kh2 Qg3+ 58. Kh1 Qxg4 59.
Qe8+ Kg5 60. Qe3+ Kh5 61. Qe8+ Qg6 62. Qe2+ Kh6 63. Qe3+ Kh5 64. Qe2+ Qg4 65.
Qe8+ Kg5 66. Qd8+ Kf4 67. Qc7+ Ke3 68. Qc3+ Ke2 69. Qc2+ Kf1 70. Qc1+ Kf2 71.
Qc2+ Ke3 1/2-1/2

[Event "Winnipeg op"]
[Site "Winnipeg CAN"]
[Date "2018.06.26"]
[Round "4"]
[White "Gannon, Keith"]
[Black "Remillard, John"]
[Result "0-1"]
[WhiteElo "1544"]
[BlackElo "1605"]
[PlyCount "104"]
[EventDate "2018.06.05"]
[EventType "swiss"]
[EventRounds "8"]
[EventCountry "CAN"]

1. e4 d5 2. exd5 Qxd5 3. Nc3 Qe5+ 4. Qe2 Qxe2+ 5. Bxe2 c6 6. Nf3 Bf5 7. d3 Nd7
8. Bd2 f6 9. O-O-O e5 10. Nh4 Be6 11. h3 Bc5 12. Rdf1 Ne7 13. g4 g5 14. Ng2
O-O-O 15. Ne3 Nd5 16. Nexd5 cxd5 17. a3 h6 18. f3 h5 19. Nd1 h4 20. b4 Bd6 21.
c3 Kb8 22. Nf2 Rc8 23. Kb2 Rc7 24. Rc1 Rhc8 25. c4 dxc4 26. dxc4 Bxc4 27. Bxc4
Rxc4 28. Rxc4 Rxc4 29. Ne4 Be7 30. Rc1 Rxc1 31. Bxc1 Kc7 32. Kc3 Kc6 33. Be3
Nb6 34. Bxb6 Kxb6 35. Kc4 a5 36. bxa5+ Kxa5 37. Kb3 Kb5 38. a4+ Kc6 39. Kc4 b6
40. Nc3 Bd8 41. Nd5 Kd6 42. Ne3 e4 43. fxe4 Ke5 44. Kd3 Kf4 45. Nf5 Kf3 46. Ne3
Kg3 47. Kc4 Kxh3 48. Kb5 Kg3 49. Nd5 h3 50. Nxb6 h2 51. a5 h1=Q 52. a6 Qb1+ 0-1

[Event "Winnipeg op"]
[Site "Winnipeg CAN"]
[Date "2018.06.26"]
[Round "4"]
[White "Gregoryanz, Philipp"]
[Black "Flynn, Darren"]
[Result "1-0"]
[WhiteElo "1409"]
[BlackElo "1357"]
[PlyCount "25"]
[EventDate "2018.06.05"]
[EventType "swiss"]
[EventRounds "8"]
[EventCountry "CAN"]

1. e4 e5 2. Nf3 Nc6 3. d4 exd4 4. Nxd4 Bd6 5. Nc3 Nf6 6. Bc4 O-O 7. Bg5 h6 8.
h4 hxg5 9. hxg5 Nh7 10. Qh5 Re8 11. Qxh7+ Kf8 12. Qh8+ Ke7 13. Nf5# 1-0

[Event "Winnipeg op"]
[Site "Winnipeg CAN"]
[Date "2018.06.26"]
[Round "4"]
[White "Lei, Yanyu"]
[Black "Prince, Colin"]
[Result "0-1"]
[WhiteElo "1337"]
[BlackElo "1837"]
[PlyCount "86"]
[EventDate "2018.06.05"]
[EventType "swiss"]
[EventRounds "8"]
[EventCountry "CAN"]

1. d4 Nf6 2. c4 e5 3. d5 Bc5 4. Bg5 Bxf2+ 5. Kxf2 Ne4+ 6. Ke1 Qxg5 7. Nf3 Qe3
8. Qc2 d6 9. Nbd2 Nf2 10. Rg1 e4 11. a4 exf3 12. Ra3 Nd3+ 13. Rxd3 f2+ 14. Kd1
fxg1=Q 15. Rxe3+ Qxe3 16. a5 Na6 17. b4 O-O 18. b5 Nc5 19. Nf3 Qb3 20. Qxb3
Nxb3 21. e4 Bg4 22. Kc2 Bxf3 23. gxf3 Nd4+ 24. Kd3 Nxf3 25. h3 f5 26. Be2 fxe4+
27. Kxe4 Rae8+ 28. Kd3 Rxe2 29. Kxe2 Ng1+ 30. Kd3 Nxh3 31. Kd4 g5 32. c5 Rf4+
33. Ke3 dxc5 34. d6 cxd6 35. a6 bxa6 36. bxa6 g4 37. Kd3 g3 38. Ke3 g2 39. Kd3
g1=Q 40. Ke2 Qg2+ 41. Kd3 Nf2+ 42. Ke3 Nd1+ 43. Kd3 Rd4# 0-1

[Event "Winnipeg op"]
[Site "Winnipeg CAN"]
[Date "2018.06.26"]
[Round "4"]
[White "Ma, Derek"]
[Black "Klokow, John"]
[Result "1/2-1/2"]
[WhiteElo "1961"]
[BlackElo "1767"]
[PlyCount "80"]
[EventDate "2018.06.05"]
[EventType "swiss"]
[EventRounds "8"]
[EventCountry "CAN"]

1. e4 e5 2. f4 exf4 3. Bc4 Nf6 4. Nc3 c6 5. Bb3 d5 6. exd5 Bg4 7. Nf3 Nxd5 8.
Bxd5 cxd5 9. d4 g5 10. Qe2+ Be7 11. Qe5 O-O 12. Qxd5 Nc6 13. O-O Bxf3 14. gxf3
Qb6 15. Rd1 Rad8 16. Qe4 Rxd4 17. Rxd4 Qxd4+ 18. Kg2 Qxe4 19. Nxe4 Rd8 20. h4
h6 21. b3 f5 22. Nf2 Bf6 23. Rb1 Kf7 24. hxg5 hxg5 25. c4 Nb4 26. a4 Nd3 27.
Ba3 Nxf2 28. Kxf2 g4 29. Ke2 Re8+ 30. Kf2 Re3 31. fxg4 fxg4 32. Bc5 Rf3+ 33.
Ke2 b6 34. Bg1 Rc3 35. Rd1 Ke6 36. Rd3 f3+ 37. Kd2 Rxd3+ 38. Kxd3 Kf5 39. Ke3
Kg5 40. Kf2 Kf5 1/2-1/2

[Event "Winnipeg op"]
[Site "Winnipeg CAN"]
[Date "2018.06.26"]
[Round "4"]
[White "Marshall, Carter"]
[Black "He, Michael"]
[Result "1-0"]
[WhiteElo "1561"]
[BlackElo "1371"]
[PlyCount "51"]
[EventDate "2018.06.05"]
[EventType "swiss"]
[EventRounds "8"]
[EventCountry "CAN"]

1. e4 e6 2. f4 d5 3. e5 c5 4. Nf3 Nc6 5. c4 Qc7 6. Na3 a6 7. Qa4 Bd7 8. Nb5 Qb8
9. Nd6+ Bxd6 10. exd6 b5 11. Qb3 Nb4 12. Qc3 dxc4 13. a3 Nd5 14. Qxg7 Qxd6 15.
Qxh8 O-O-O 16. Qe5 Qb6 17. a4 b4 18. Bxc4 Ngf6 19. Bxd5 Nxd5 20. d4 f6 21. dxc5
Qxc5 22. Qd4 Qc2 23. Bd2 Kb7 24. Rc1 Qxa4 25. O-O Bb5 26. Rfe1 1-0

[Event "Winnipeg op"]
[Site "Winnipeg CAN"]
[Date "2018.06.26"]
[Round "4"]
[White "Marshall, Ken"]
[Black "Letain, Cory"]
[Result "0-1"]
[WhiteElo "1500"]
[BlackElo "1733"]
[PlyCount "34"]
[EventDate "2018.06.05"]
[EventType "swiss"]
[EventRounds "8"]
[EventCountry "CAN"]

1. e4 e5 2. Nf3 Nf6 3. Nxe5 d6 4. Nf3 Nxe4 5. Bd3 d5 6. Qe2 f5 7. Nc3 Bc5 8.
Bxe4 fxe4 9. d4 O-O 10. dxc5 exf3 11. Qd3 Re8+ 12. Kf1 fxg2+ 13. Kxg2 d4 14.
Ne2 Qd5+ 15. Kf1 Qxh1+ 16. Ng1 Bg4 17. f3 Bh3+ 0-1

[Event "Winnipeg op"]
[Site "Winnipeg CAN"]
[Date "2018.06.26"]
[Round "4"]
[White "Piche, Jeremie"]
[Black "Magyar, Peter"]
[Result "1-0"]
[WhiteElo "1591"]
[BlackElo "1487"]
[PlyCount "57"]
[EventDate "2018.06.05"]
[EventType "swiss"]
[EventRounds "8"]
[EventCountry "CAN"]

1. e4 e6 2. d3 c5 3. Nf3 d5 4. Nbd2 Nc6 5. g3 Bd6 6. Bg2 Nf6 7. O-O Ne5 8. Re1
O-O 9. Nxe5 Bxe5 10. Nf3 Bc7 11. e5 Nd7 12. h4 f6 13. exf6 Nxf6 14. d4 Ne4 15.
Be3 c4 16. Ng5 Nxg3 17. fxg3 Bxg3 18. Rf1 Bxh4 19. Qh5 Bxg5 20. Bxg5 Qe8 21.
Rxf8+ Qxf8 22. Rf1 Qxf1+ 23. Bxf1 Bd7 24. Bh3 Rf8 25. Be7 Rc8 26. c3 a5 27. Bd6
b5 28. Qg5 Re8 29. Be5 1-0

[Event "Winnipeg op"]
[Site "Winnipeg CAN"]
[Date "2018.06.26"]
[Round "4"]
[White "Piche, Zachary"]
[Black "Tarasoff, Shawn"]
[Result "1-0"]
[WhiteElo "1430"]
[BlackElo "1796"]
[PlyCount "76"]
[EventDate "2018.06.05"]
[EventType "swiss"]
[EventRounds "8"]
[EventCountry "CAN"]

1. Nf3 d5 2. c4 e6 3. e3 Nc6 4. d4 Nf6 5. Nc3 Be7 6. Bd2 b6 7. cxd5 Nxd5 8. e4
Nf6 9. Bb5 Bd7 10. Bf4 a6 11. Bd3 O-O 12. O-O Nb4 13. Bc4 c5 14. d5 exd5 15.
exd5 Re8 16. a3 b5 17. d6 Bf8 18. Bxf7+ Kxf7 19. axb4 cxb4 20. Qb3+ Be6 21.
Ng5+ Kg6 22. Nxe6 Rxe6 23. Qxe6 bxc3 24. h4 h5 25. bxc3 Qb6 26. Be5 Re8 27. Qh3
Rxe5 28. Qg3+ Kf5 29. Rfe1 Ng4 30. Qf3+ Kg6 31. Qxf8 Rf5 32. Re6+ Nf6 33. Rf1
a5 34. d7 Qxe6 35. d8=Q Ng4 36. Qde8+ Qxe8 37. Qxe8+ Kh7 38. f3 Nf6 1-0

[Event "Winnipeg op"]
[Site "Winnipeg CAN"]
[Date "2018.06.26"]
[Round "4"]
[White "Rutter, Blair"]
[Black "Wolchock, Theo"]
[Result "0-1"]
[WhiteElo "1987"]
[BlackElo "2021"]
[PlyCount "108"]
[EventDate "2018.06.05"]
[EventType "swiss"]
[EventRounds "8"]
[EventCountry "CAN"]

1. c4 c5 2. g3 Nf6 3. Bg2 e6 4. e4 Nc6 5. Nc3 d5 6. exd5 exd5 7. d3 Bf5 8. a3
Ne5 9. Qe2 Qe7 10. Nxd5 Nxd5 11. Bxd5 Bxd3 12. Qe3 Bxc4 13. Bxc4 Nxc4 14. Qxe7+
Bxe7 15. Nf3 Bf6 16. Rb1 O-O-O 17. O-O Rhe8 18. b3 Ne5 19. Nxe5 Bxe5 20. b4
cxb4 21. Rxb4 Rd4 22. Rb5 Rd7 23. a4 a6 24. Rc5+ Rc7 25. Rd5 Rd7 26. Rc5+ Bc7
27. Kg2 Re4 28. Bf4 Kb8 29. Bxc7+ Rxc7 30. Rh5 h6 31. a5 f6 32. Rd5 Re5 33.
Rfd1 Rxd5 34. Rxd5 Re7 35. Kf3 Kc7 36. Rc5+ Kd6 37. Rc8 Kd7 38. Rg8 Kc6 39. Rd8
Rd7 40. Rc8+ Kb5 41. h4 Kxa5 42. Ke4 Kb4 43. Rc1 b5 44. f4 Kb3 45. Ra1 Ra7 46.
Kd4 b4 47. Kc5 Kb2 48. Ra4 b3 49. Kb6 Ra8 50. Ka5 Kb1 51. Rb4 b2 52. Rc4 Rb8
53. g4 Ka2 54. Ra4+ Kb3 0-1

[Event "Winnipeg op"]
[Site "Winnipeg CAN"]
[Date "2018.06.26"]
[Round "4"]
[White "Trueman, Francis"]
[Black "Einarsson, Ken"]
[Result "0-1"]
[WhiteElo "1410"]
[BlackElo "1849"]
[PlyCount "48"]
[EventDate "2018.06.05"]
[EventType "swiss"]
[EventRounds "8"]
[EventCountry "CAN"]

1. e4 c6 2. Nf3 d5 3. exd5 cxd5 4. d3 Nf6 5. Nbd2 Nc6 6. g3 e5 7. Bg2 Bg4 8.
Qe2 Bd6 9. c3 O-O 10. O-O Re8 11. h3 Bh5 12. g4 Bg6 13. Nb3 e4 14. dxe4 Bxe4
15. Be3 b6 16. Kh1 Ne5 17. Nbd2 Bd3 18. Qd1 Bxf1 19. Nxf1 Rc8 20. Nd4 Bc5 21.
g5 Ne4 22. f4 Nc4 23. Qe2 Nxe3 24. Bxe4 Nxf1 0-1

[Event "Winnipeg op"]
[Site "Winnipeg CAN"]
[Date "2018.06.26"]
[Round "4"]
[White "Wiebe, Isaac"]
[Black "Baron, Gustav"]
[Result "1-0"]
[WhiteElo "2274"]
[BlackElo "2250"]
[PlyCount "55"]
[EventDate "2018.06.05"]
[EventType "swiss"]
[EventRounds "8"]
[EventCountry "CAN"]

1. e4 e5 2. Nf3 Nc6 3. Bc4 Nf6 4. d4 exd4 5. O-O d5 6. exd5 Nxd5 7. Nxd4 Be7 8.
Nxc6 bxc6 9. Qf3 Be6 10. Nc3 Qd7 11. h3 Nxc3 12. Bxe6 Qxe6 13. Qxc3 O-O 14. Re1
Qd6 15. Bf4 Qxf4 16. Rxe7 Rad8 17. Qxc6 Rd2 18. Rf1 Qd4 19. b3 Qb2 20. Rxc7
Qxa2 21. Qc3 Rxc2 22. Qxc2 Qxb3 23. Qxb3 g6 24. Rfc1 a5 25. Rxf7 Rxf7 26. Rc7
a4 27. Qxf7+ Kh8 28. Qg7# 1-0